Oil Reserves Comparison #1 - Statistics

General Stats
  • This quiz has been taken 21 times
  • The average score is 15 of 15
Answer Stats
Picture Answer % Correct
Brazil
100%
Canada
100%
China
100%
Iran
100%
Iraq
100%
Kazakhstan
100%
Russia
100%
Saudi Arabia
100%
United States of America
100%
Venezuela
100%
Libya
94%
Nigeria
94%
Qatar
94%
United Arab Emirates
94%
Kuwait
89%
No matching quizzes found
Score Distribution
Percent of People with Each Score
Percentile by Number Answered
Your Score History
You have not taken this quiz